000
00336nam a2200145Ia 4500
008
240624s9999 xx 000 0 und d
041
_a
eng
082
_a
006.4 DUD
100
_a
DUDA RICHARD O
245
_a
PATTERN CLASSIFICATION
250
_a
(2nd ed.)
260
_c
2004
_a
New York
_b
John Wiley
300
_a
xx, : 654
365
_c
RS
999
_c
1441
_d
1441